Online
Catalog
Normal view MARC view

Entry Nombre personal

Number of records used in: 28

001 - NÚMERO DE CONTROL

  • campo de control: 22323

003 - IDENTIFICADOR DEL NÚMERO DE CONTROL

  • campo de control: BNPHU

005 - FECHA Y HORA DE LA ÚLTIMA TRANSACCIÓN

  • campo de control: 20240301142627.0

008 - DATOS DE LONGITUD FIJA

  • campo de control de longitud fija: 200615|| aca||aabn | a|a d

040 ## - FUENTE DE LA CATALOGACIÓN

  • Centro catalogador/agencia de origen: DO-SdBNP
  • Lengua de catalogación: spa
  • Centro/agencia transcriptor: BNPHU
  • Normas de descripción: rda

100 1# - ENCABEZAMIENTO-NOMBRE DE PERSONA

  • Nombre de persona: Nolasco, Sócrates,
  • Fechas asociadas al nombre: 1884-1980

370 ## - LUGAR ASOCIADO

  • Lugar de nacimiento: Petit Trou de Nippes (Haití)
  • Lugar de fallecimiento: República Dominicana

374 ## - OCUPACIÓN

  • Ocupación: Escritor

375 ## - GÉNERO/SEXO

  • Género/Sexo: Masculino

377 ## - LENGUA/LENGUAJE ASOCIADO

  • Código del idioma: spa

400 1# - TRAZADO DE VÉASE--NOMBRE DE PERSONA

  • Nombre de persona: Nolasco, Arístides Sócrates Henríquez,
  • Fechas asociadas al nombre: 1884-1980

670 ## - FUENTE DE DATOS ENCONTRADOS

  • Cita de la fuente: Work cat.: (OSt)8003: Breve antología del cuento dominicano /, 2003.

670 ## - FUENTE DE DATOS ENCONTRADOS

  • Cita de la fuente: Viejas memorias, 1941.

670 ## - FUENTE DE DATOS ENCONTRADOS

  • Cita de la fuente: Obras completas, 1994: |b v. 1, t.p. (Sócrates Nolasco) v. 3, p. 371 (b. Petit-Trou, República Dominicana, 1884; d. Santo Domingo, 1980)
  • Información encontrada: Tejeda, Dario. Ética estética en los cuentos de Sócrates Nolasco, 2000

Powered by Koha